|
|
|
|
| LEADER |
00000nam0a2200000 4500 |
| 001 |
29092 |
| 005 |
20231030203141.0 |
| 035 |
|
|
|a (RuTPU)RU\TPU\book\29351
|
| 035 |
|
|
|a BOOK00029426
|
| 090 |
|
|
|a 29092
|
| 100 |
|
|
|a 20011209d1991 km y0rusy50 ca
|
| 101 |
0 |
|
|a rus
|
| 102 |
|
|
|a RU
|
| 105 |
|
|
|a a j 000zy
|
| 200 |
1 |
|
|a Кварцевый торсионный подвес
|e учебное пособие
|f В. С. Кутепов; Тульский политехн. ин-т
|
| 210 |
|
|
|a Тула
|c Изд-во Тульского политехнического ин-та
|d 1991
|
| 215 |
|
|
|a 56 с.
|
| 320 |
|
|
|a Библиогр.: с. 55.
|
| 610 |
1 |
|
|a химическая технология
|
| 610 |
1 |
|
|a упругие подвесы
|
| 610 |
1 |
|
|a кварцевые стекла
|
| 610 |
1 |
|
|a кварцевые стержни
|
| 610 |
1 |
|
|a изготовление
|
| 610 |
1 |
|
|a кварцевый торсионный подвес
|
| 610 |
1 |
|
|a морские гравиметры
|
| 610 |
1 |
|
|a схемы
|
| 610 |
1 |
|
|a учебные пособия
|
| 675 |
|
|
|a 666.19(075.8)
|v 3
|
| 700 |
|
1 |
|a Кутепов
|b В. С.
|g Владимир Семенович
|
| 712 |
0 |
2 |
|a Тульский политехнический институт
|
| 801 |
|
0 |
|a RU
|b 63413507
|c 20011209
|g PSBO
|
| 801 |
|
2 |
|a RU
|b 63413507
|c 20170109
|g PSBO
|
| 942 |
|
|
|c BK
|